|
|
|
|
| LEADER |
00670cam a2200181 7i4500 |
| 001 |
0000031674 |
| 005 |
20140918090000.0 |
| 020 |
0 |
0 |
|a 9789833737031
|
| 090 |
0 |
0 |
|a M 389.609595
|b MAL
|
| 110 |
2 |
0 |
|a Malaysia
|
| 245 |
2 |
0 |
|a National Standards Compliance Programme (NSCP) Handbook.
|
| 260 |
0 |
0 |
|a Cyber Jaya, Selangor:
|b Department of Standards Malaysia,
|c 2013.
|
| 300 |
# |
# |
|a 42 p.
|
| 650 |
0 |
0 |
|a Standardization --
|x Handbooks, manuals, etc. --
|z Malaysia
|
| 650 |
0 |
0 |
|a Quality control --
|x Handbooks, manuals, etc. --
|z Malaysia
|
| 651 |
0 |
0 |
|a Malaysia
|
| 999 |
|
|
|a 0000034639
|b Book
|c Malaysia
|e Business Information Centre
|
| 999 |
|
|
|a 0000034638
|b Book
|c Malaysia
|e Business Information Centre
|